Flagi Europy Z Emoji - Statystyki

Ogólne statystyki
  • Ten quiz został rozwiązany 299 razy
  • Średni wynik to 8 z 10
Statystyki odpowiedzi
Hint Odpowiedź % Poprawnych
🇺🇦 Ukraina
92%
🇳🇴 Norwegia
89%
🇪🇪 Estonia
84%
🇻🇦 Watykan
80%
🇦🇹 Austria
79%
🇮🇪 Irlandia
75%
🇨🇵 Francja
73%
🇸🇮 Słowenia
71%
🇧🇬 Bułgaria
70%
🇷🇸 Serbia
66%
Nie znaleziono quizów pasujących do podanych kryteriów
Rozkład punktacji
Procent ludzi z każdym wynikiem
Percentyl według liczby udzielonych odpowiedzi
Twoja historia wyników
Nie rozwiązałeś tego quizu